Flagi znajdujące się na fladze Australii - Statystyki

Ogólne statystyki
  • Ten quiz został rozwiązany 109 razy
    96 od ostatniego zresetowania
  • Średni wynik to 10 z 12
Odpowiedzi na mapie
Odpowiedzi zakodowano w zielono-czerwonej skali na mapie do tego quizu, zgodnie z poniższymi procentami.
 
Statystyki odpowiedzi
Odpowiedź % Poprawnych
{Francja}
93%
{Indonezja}
91%
{Polska}
91%
{Monako}
90%
{Holandia}
87%
{Wielka Brytania}
85%
{Austria}
84%
{Somalia}
83%
{Anglia} (terytorium)
82%
{Kostaryka}
82%
(bez krzyża) {Malta}
77%
(bez gwiazdy) (już nie państwo) {Jugosławia}
33%
Nie znaleziono quizów pasujących do podanych kryteriów
Rozkład punktacji
Procent ludzi z każdym wynikiem
Percentyl według liczby udzielonych odpowiedzi
Twoja historia wyników
Nie rozwiązałeś tego quizu od ostatniego zresetowania